Tim und Struppi - Teile - Statistiken

Allgemein
  • Dieses Quiz wurde 35 mal gespielt
  • Das Durchschnittsergebnis liegt bei 13 aus 25
Antwortstatistiken
Jahr Band % Korrekt
1930 Tim im Kongo
84%
1953 Reiseziel Mond
80%
1932 Tim in Amerika
80%
1954 Schritte auf dem Mond
68%
1960 Tim in Tibet
68%
1963 Die Juwelen der Sängerin
60%
1934 Die Zigarren des Pharaos
60%
1929 Tim im Lande der Sowjets
56%
1943 Das Geheimnis der "Einhorn"
52%
1956 Der Fall Bienlein
52%
1938 Die schwarze Insel
52%
1948 Die sieben Kristallkugeln
52%
1968 Flug 714 nach Sydney
52%
1936 Der blaue Lotos
48%
1944 Der Schatz Rackhams des Roten
48%
1949 Der Sonnentempel
48%
1939 König Ottokars Zepter
48%
1976 Tim und die Picaros
48%
1937 Der Arumbaya-Fetisch
44%
1942 Der geheimnisvolle Stern
40%
1941 Die Krabbe mit den goldenen Scheren
40%
1958 Kohle an Bord
36%
1973 Tim und der Haifischsee
32%
1986 Tim und die Alpha-Kunst
32%
1950 Im Reiche des schwarzen Goldes
16%
Keine übereinstimmenden Quizze gefunden
Verteilung der Resultate
Anzahl Personen mit jedem Resultat
Perzentil nach korrekt beantworteten Fragen
Ihre Resultats-Entwicklung
Sie haben dieses Quiz noch nicht gespielt